000 00826nam a2200217 a 4500
005 20211129100546.0
008 211129s2021 ck |||gr|||| 00| 0 spa d
020 _a9789580614401
040 _aCO-BoUCM
_bspa
_cDeissy Garcia
_dDeissy Garcia
041 0 _aspa
100 1 _9172380
_aZapata A., Juan Felipe
245 1 3 _aLa responsabilidad fiscal en la formulación de políticas públicas
_cJuan Felipe Zapata A. ; prólogo Carlos Felipe Córdoba Larrarte
260 _aBogotá
_bOveja Negra
_c2021
300 _a99 páginas
504 _aIncluye referencias bibliográficas
650 7 _922011
_aPolítica pública
650 7 _98055
_aResponsabilidad fiscal
700 1 _9172381
_aCórdoba Larrarte, Carlos Felipe
_eprólogo
942 _2DEWEY
_a5
_cLIBRO
_e1
_h352.34
_mZ35r
_n0
999 _c320204
_d320204